| 000 | 00846cam a22002295a 4500 | ||
|---|---|---|---|
| 001 | L155550 | ||
| 008 | 120329s2012 xxk f 000 0 eng d | ||
| 020 | _a9781907196287 | ||
| 035 | _a(Sirsi) u155550 | ||
| 041 | 0 | _aeng | |
| 050 | 0 | 4 | _a692.8 |
| 110 | 2 |
_aRoyal Institution of Chartered Surveyors _94900 |
|
| 245 | 0 | 0 | _aDefinition of prime cost of daywork carried out under a heating, ventilation, air conditioning, refrigeration, pipework and/or domestic engineering contract |
| 250 | _a3rd ed. | ||
| 260 |
_aBCIS _bLondon _c2012 |
||
| 490 | 0 | _aRICS Guidance Note | |
| 520 | _aProvides a basis for the valuation of daywork executed under heating, ventilating, air conditioning, refrigeration, pipework and/or domestic engineering contracts. | ||
| 590 | _aKA | ||
| 651 | 4 |
_aUnited Kingdom _y |
|
| 690 |
_aValuation _96273 |
||
| 942 | _n0 | ||
| 999 |
_c113655 _d113655 |
||